On a subclass of Goodman-Ronning type harmonic univalent functions defined by Dziok-Srivastava operator /
محفوظ في:
| المؤلف الرئيسي: | |
|---|---|
| التنسيق: | أطروحة |
| اللغة: | English |
| منشور في: |
Shah Alam, Selangor :
Faculty of Computer and Mathematical Sciences, Universiti Teknologi MARA (UiTM),
2015
|
| الموضوعات: | |
| الوسوم: |
إضافة وسم
لا توجد وسوم, كن أول من يضع وسما على هذه التسجيلة!
|
| LEADER | 011180000a22002410004500 | ||
|---|---|---|---|
| 008 | 151001t2015 my a g m 000 0 eng d | ||
| 040 | |a UIAM |b eng |e rda | ||
| 050 | 0 | |a QA331 | |
| 100 | 0 | |a Suraya binti Hassan, |e author | |
| 245 | 1 | 2 | |a On a subclass of Goodman-Ronning type harmonic univalent functions defined by Dziok-Srivastava operator / |c by Suraya Binti Hassan |
| 264 | 1 | |a Shah Alam, Selangor : |b Faculty of Computer and Mathematical Sciences, Universiti Teknologi MARA (UiTM), |c 2015 | |
| 300 | |a viii, 47 leaves : |b illustrations ; |c 30 cm. | ||
| 336 | |2 rdacontent |a text | ||
| 337 | |2 rdamedia |a unmediated | ||
| 338 | |2 rdacarrier |a volume | ||
| 502 | |a Thesis (Master of Science)--Universiti Teknologi MARA, 2015. | ||
| 504 | |a Includes bibliographical references (leaves 46-47). | ||
| 596 | |a 1 | ||
| 655 | 0 | 7 | |a Theses, IIUM foreign |
| 710 | 1 | |a Universiti Teknologi MARA. |b Faculty of Computer and Mathematical Sciences | |
| 900 | |a oc-amr-hj-ajt | ||
| 999 | |c 436526 |d 467628 | ||
| 952 | |0 0 |6 T QA 000331 S961O 2015 |7 0 |8 THESES |9 760641 |a IIUM |b IIUM |c MULTIMEDIA |g 0.00 |o t QA 331 S961O 2015 |p 11100342333 |r 2018-11-09 |t 1 |v 0.00 |y THESIS | ||
